Vida y muerte del Chile popular
Tallennettuna:
| Päätekijä: | |
|---|---|
| Aineistotyyppi: | Kirja |
| Kieli: | espanja |
| Julkaistu: |
Ciudad de México
Siglo XXI
1974
|
| Aiheet: | |
| Tagit: |
Lisää tagi
Ei tageja, Lisää ensimmäinen tagi!
|
MARC
| LEADER | 00000nam a2200000 a 4500 | ||
|---|---|---|---|
| 001 | UCK5351 | ||
| 003 | CL-VaPUC | ||
| 008 | 050722e19740000mx |||||||||||||||||spa|d | ||
| 082 | 0 | 4 | |a 321.0983 |b TOU |2 21 |
| 100 | 0 | |a Touraine, Alain |e author |9 494094 | |
| 245 | 1 | 0 | |a Vida y muerte del Chile popular |
| 300 | |a 214 p | ||
| 942 | |c BK | ||
| 945 | |d 20050722 00:00:00 |a cmena | ||
| 260 | |a Ciudad de México |b Siglo XXI |c 1974 | ||
| 650 | 7 | |a SISTEMA POLITICO |2 CL-VaPUC |9 373559 | |
| 650 | 0 | |a Chile |9 390114 | |
| 650 | 7 | |a POLITICA MILITAR |2 CL-VaPUC |9 315348 | |
| 650 | 0 | |a Socialismo |9 255260 | |
| 650 | 7 | |a MOVIMIENTOS SOCIALES EN CHILE |2 CL-VaPUC |9 494095 | |
| 583 | |a last modification |c 20171213 01:57:25 |k Rodrigo Vera | ||
| 999 | |c 313925 |d 313923 | ||
| 952 | |0 0 |1 0 |4 0 |6 321_098300000000000_TOU_1974 |7 0 |8 A |9 385724 |a BIBHIS |b BIBHIS |d 2019-11-22 |i 4145607 |l 2 |o 321.0983 TOU 1974 |p 4145607 |r 2025-01-20 |s 2024-05-02 |w 2019-11-22 |y BK |k HIS | ||